| 000 | 00000nam##2200000za#4500 |
| 001 | 9.601771 |
| 003 | CaOODSP |
| 005 | 20210624210231 |
| 007 | cr ||||||||||| |
| 008 | 150406|2009||||xxc|||||o f|0| 0 fre|d |
| 022 | |a1919-6857 |
| 040 | |aCaOODSP|bfre |
| 043 | |an-cn--- |
| 086 | 1 |aFs22-8/1-2009F-PDF |
| 110 | 1 |aCanada. |bMinistère des pêches et des océans. |
| 245 | 10|aUtilisation d'aliments pour truites de grande qualité en vue d'accroître la performance de croissance et de diminuer les déchets de phosphore |h[ressource électronique] |
| 260 | |aOttawa - Ontario : |bPêches et Océans Canada |
| 300 | |a4p.|btableaux, photographies |
| 490 | 1 |aFiche technique du Programme coopératif de recherche et développement en aquaculture (PCRDA) |x1919-6857|vNuméro 1, avril 2009 |
| 590 | |a11-13-Supp|b2011-08-04 |
| 775 | 08|tUse of high-quality trout feeds to improve growth performance and decrease phosphorus waste |w(CaOODSP)9.571132 |
| 830 | #0|aFiche technique du Programme coopératif de recherche et développement en aquaculture (PCRDA)|x1919-6857|vNuméro 1, avril 2009|w(CaOODSP)9.502829 |
| 856 | 40|ahttp://publications.gc.ca|qPDF|s1124 Ko|uhttps://publications.gc.ca/collections/collection_2011/mpo-dfo/Fs22-8-1-2009-fra.pdf|yNuméro 1, avril 2009 |
| 986 | |aMPO/2008-1493 |